Music Quiz

Random Music or Kpop Quiz

Name as many Kpop bands as possible Quiz Stats

 Plays Quiz not verified by Sporcle

Also try: 'Dancing' Artists
Challenge
Share
Tweet
Embed
Score 0/125 Timer 15:00
7 Plays Today
% Correct
Super junior
93.1%
Big Bang
92.4%
SNSD
90.8%
SHINee
88.2%
2NE1
87.3%
EXO
86.6%
2PM
84%
2AM
83.4%
Beast
80.5%
f(x)
79.5%
Infinite
76.7%
4Minute
76.5%
T-ara
75.9%
CNBlue
74.5%
Kara
74.5%
Miss A
73.9%
B.A.P
73.8%
Sistar
73.7%
Wonder Girls
71.9%
FTisland
70.9%
After School
70.5%
DBSK
69.9%
MBLAQ
69.2%
Teen Top
68.7%
Block B
66.9%
U-kiss
66%
Secret
65.1%
B1A4
62.9%
Boyfriend
61.7%
Brown eyed girls
58.3%
JYJ
57.9%
Girl's day
57.6%
Z:EA
55.1%
SS501
54.3%
Rainbow
53.2%
Shinhwa
51.7%
A Pink
51.7%
H.O.T
47.2%
epik high
46%
Orange Caramel
44.6%
dalshabet
39.6%
Nine Muses
37.3%
% Correct
Davichi
36.9%
coed
32.1%
Trax
31.9%
Ledapple
31.5%
myname
30.8%
Rania
30.6%
dalmatian
30.6%
F.Cuz
30.2%
G.O.D
29.6%
5dolls
29.2%
SPICA
29.1%
jewelry
26.7%
Sunny Hill
24.9%
Chocolat
24.3%
fin.k.l
20.5%
AA
20.1%
M.I.B
18.6%
Brave Girls
18.2%
CHI CHI
18.2%
X-5
17.1%
T-Max
16.8%
Supernova
15.4%
N-train
15.1%
fly to the sky
14.8%
Sistar 19
14.6%
Ladies
14.6%
4Men
14.1%
C-real
13.7%
SM The Ballad
12.8%
Brown eyed soul
11.9%
Supreme Team
10.8%
seeya
10.8%
Code V
10.4%
Touch
9.7%
GP Basic
9%
hitt
8.8%
SG wannabe
8.8%
DNa
7.8%
F.I.X
7.8%
Chaos
7.7%
a-peace
7.4%
One way
7%
% Correct
Xing
6.9%
JQT
6.8%
N.sonic
6.7%
electroboyz
6.6%
ham
6.5%
BoM
6.1%
VNT
6.1%
sechkies
6%
April Kiss
5.9%
Koyote
5.8%
Twi-light
5.6%
shu-i
5.4%
DNT
5.3%
boyz
5%
we
4.9%
F1RST
4.6%
taken
4.4%
As One
4.2%
BB.Boys
4.1%
Blady
4%
jewelry S
3.8%
Brave Brothers
3.8%
Clazziquai
3.6%
Geeks
3.6%
T-Blue
3.3%
A-ble
3%
X-cross
3%
Lady Collection
2.9%
Might Mouth
2.7%
4Tomorrow
2.6%
Handsome people
2.4%
Nom Nom Nom
2.4%
loveholic
2.4%
M.peror
2.4%
Popsicle
2.1%
swincle
1.8%
Honey Family
1.8%
D.T.E
1.6%
YMGA
1.3%
Sixth Bomb
1.2%
Namolla Family
1.1%

You're not logged in!

Compare scores with friends on all Sporcle quizzes.
OR
Log In

You Might Also Like...

Show Comments

Extras

Created Feb 5, 2012ReportNominate
Tags:Kpop Quiz, Kpop Quiz

Top Quizzes Today


Score Distribution

Your Account Isn't Verified!

In order to create a playlist on Sporcle, you need to verify the email address you used during registration. Go to your Sporcle Settings to finish the process.

Report this User

Report this user for behavior that violates our Community Guidelines.

Details: